Poles (The) / (Record no. 102247)
[ view plain ]
| 000 -LEADER | |
|---|---|
| fixed length control field | 00441nam a2200157 a 4500 |
| 005 - DATE AND TIME OF LATEST TRANSACTION | |
| control field | 20140412111232.0 |
| 008 - FIXED-LENGTH DATA ELEMENTS--GENERAL INFORMATION | |
| fixed length control field | 010522s19uu xx 00 eng d |
| 050 ## - LIBRARY OF CONGRESS CALL NUMBER | |
| Classification number | REF 919.8 |
| Item number | L46 1980 |
| 100 ## - MAIN ENTRY--PERSONAL NAME | |
| Personal name | Ley, Willy |
| 245 ## - TITLE STATEMENT | |
| Title | Poles (The) / |
| Statement of responsibility, etc | by Willy Ley and the Editors of Time-Life Books. |
| 260 ## - PUBLICATION, DISTRIBUTION, ETC. (IMPRINT) | |
| Place of publication, distribution, etc | [s.l.] : |
| Name of publisher, distributor, etc | Time-Life Books, |
| Date of publication, distribution, etc | 1980. |
| 300 ## - PHYSICAL DESCRIPTION | |
| Extent | 192p. ; ill. |
| 440 ## - SERIES STATEMENT/ADDED ENTRY--TITLE | |
| Title | Life Nature Library |
| 650 ## - SUBJECT ADDED ENTRY--TOPICAL TERM | |
| Topical term or geographic name as entry element | Title |
| Withdrawn status | Lost status | Damaged status | Home library | Current library | Shelving location | Date acquired | Source of acquisition | Total Checkouts | Full call number | Barcode | Date last seen | Price effective from | Koha item type |
|---|---|---|---|---|---|---|---|---|---|---|---|---|---|
| Elizalde Library | Elizalde Library | Reference Section | 05/22/2001 | REF 919.8 L46 1980 | E1021 | 04/12/2014 | 04/12/2014 | Books |